LEADER 01161nam0-2200325 --450 001 9911036479303321 005 20251106154014.0 010 $a88-86679-03-3 020 $aIT$b97-2636 100 $a20251106d1996----kmuy0itay5050 ba 101 0 $aita 102 $aIT 105 $a 001yy 200 1 $a<>architettura contemporanea e i nuovi metodi di rappresentazione$eipotesi di manuale ipermediale$fMaria Antonietta Crippa, Stefano Cinti Luciani, Grazia Magrassi 210 $aMilano$cSinai$d1996 215 $a95 p.$cill.$d24 cm 225 1 $a<>architettura e l'ideale$v2 610 0 $aMicroelaboratori elettronici$aProgrammi AutoCAD 610 0 $aDisegno architettonico$aProgrammi per microelaboratori 676 $a720.28402855369$v20 700 1$aCrippa,$bMaria Antonietta$f<1946- >$010440 701 1$aMagrassi,$bGrazia$01854451 701 1$aCinti Luciani,$bStefano$01854452 801 0$aIT$bUNINA$gREICAT$2UNIMARC 901 $aBK 912 $a9911036479303321 952 $aC 1744 CAN$b139/2025$fDARPU 959 $aDARPU 996 $aArchitettura contemporanea e i nuovi metodi di rappresentazione$94451734 997 $aUNINA